00257nam a2200097Ia 4500008004100000100002600041245004900067260002600116260000900142300000800151170620s9999 xx 000 0 und d aSharma-S.R/Vanik-Anil 0aEncyclopaedia of Health & Physical Education bNew delhi.Friends Pub c2005 a220